<?xml version="1.0" encoding="UTF-8"?>
<record
    xmlns:xsi="http://www.w3.org/2001/XMLSchema-instance"
    xsi:schemaLocation="http://www.loc.gov/MARC21/slim http://www.loc.gov/standards/marcxml/schema/MARC21slim.xsd"
    xmlns="http://www.loc.gov/MARC21/slim">

  <leader>04791nam a2200481 i 4500</leader>
  <controlfield tag="001">104772</controlfield>
  <controlfield tag="003">FINmELB</controlfield>
  <controlfield tag="005">20241217173541.0</controlfield>
  <controlfield tag="006">m     o  d |      </controlfield>
  <controlfield tag="007">cr cnu||||||||</controlfield>
  <controlfield tag="008">210622s2018    sp      ob    000 0 spa d</controlfield>
  <datafield tag="020" ind1=" " ind2=" ">
    <subfield code="a">9789588943398</subfield>
    <subfield code="q">(e-book)</subfield>
  </datafield>
  <datafield tag="035" ind1=" " ind2=" ">
    <subfield code="a">(OCoLC)1261028231</subfield>
  </datafield>
  <datafield tag="040" ind1=" " ind2=" ">
    <subfield code="a">FINmELB</subfield>
    <subfield code="b">spa</subfield>
    <subfield code="e">rda</subfield>
    <subfield code="c">FINmELB</subfield>
  </datafield>
  <datafield tag="050" ind1=" " ind2="4">
    <subfield code="a">QA9</subfield>
    <subfield code="b">.G757 2018</subfield>
  </datafield>
  <datafield tag="080" ind1=" " ind2=" ">
    <subfield code="a">51:681.516.52</subfield>
  </datafield>
  <datafield tag="082" ind1="0" ind2="4">
    <subfield code="a">511.3</subfield>
    <subfield code="2">23</subfield>
  </datafield>
  <datafield tag="100" ind1="1" ind2=" ">
    <subfield code="a">Grisales Aguire, Andr&#xE9;s Mauricio,</subfield>
    <subfield code="e">autor.</subfield>
  </datafield>
  <datafield tag="245" ind1="1" ind2="0">
    <subfield code="a">Elementos b&#xE1;sicos de matem&#xE1;ticas con herramientas interactivas /</subfield>
    <subfield code="c">Andr&#xE9;s Mauricio Grisales Aguire.</subfield>
  </datafield>
  <datafield tag="264" ind1=" " ind2="1">
    <subfield code="a">Medell&#xED;n :</subfield>
    <subfield code="b">Universidad Cat&#xF3;lica Luis Amig&#xF3;,</subfield>
    <subfield code="c">2018.</subfield>
  </datafield>
  <datafield tag="300" ind1=" " ind2=" ">
    <subfield code="a">1 recurso en l&#xED;nea (199 p&#xE1;ginas)</subfield>
  </datafield>
  <datafield tag="336" ind1=" " ind2=" ">
    <subfield code="a">texto</subfield>
    <subfield code="b">txt</subfield>
    <subfield code="2">rdacontent/spa</subfield>
  </datafield>
  <datafield tag="337" ind1=" " ind2=" ">
    <subfield code="a">computadora</subfield>
    <subfield code="b">c</subfield>
    <subfield code="2">rdamedia/spa</subfield>
  </datafield>
  <datafield tag="338" ind1=" " ind2=" ">
    <subfield code="a">recurso en l&#xED;nea</subfield>
    <subfield code="b">cr</subfield>
    <subfield code="2">rdacarrier/spa</subfield>
  </datafield>
  <datafield tag="504" ind1=" " ind2=" ">
    <subfield code="a">Incluye referencias.</subfield>
  </datafield>
  <datafield tag="505" ind1="0" ind2=" ">
    <subfield code="a">P&#xC1;GINA LEGAL -- &#xCD;NDICE GENERAL -- INTRODUCCI&#xD3;N -- 1. TEOR&#xCD;A DE CONJUNTOS -- 1.1 DEFINICIONES INICIALES -- 1.2 RELACIONES ENTRE CONJUNTOS -- 1.3 OPERACIONES ENTRE CONJUNTOS -- 1.4 DIAGRAMAS DE VENN  EULER -- 1.5 APLICACIONES DE LOS CONJUNTOS EN LA SOLUCI&#xD3;N DE (...) -- 1.6 EJERCICIOS DE PR&#xC1;CTICA I -- 1.7 MATEM&#xC1;TICAS EN LA WEB -- 2. CONJUNTOS NUM&#xC9;RICOS -- 2.1 N&#xDA;MEROS NATURALES -- 2.2 LOS N&#xDA;MEROS ENTEROS -- 2.3 LOS N&#xDA;MEROS RACIONALES -- 2.4 LOS N&#xDA;MEROS IRRACIONALES -- 2.5 SUMA Y RESTA DE N&#xDA;MEROS REALES -- 2.6 MULTIPLICACI&#xD3;N Y DIVISI&#xD3;N DE N&#xDA;MEROS REALES -- 2.7 PROPIEDADES DE LAS OPERACIONES CON N&#xDA;MEROS (...) -- 2.8 POTENCIACI&#xD3;N DE N&#xDA;MEROS REALES -- 2.9 LOGARITMACI&#xD3;N -- 2.10 EJERCICIOS DE PR&#xC1;CTICA II -- 2.11 MATEM&#xC1;TICAS Y TIC -- 3. OPERACIONES CON EXPRESIONES ALGEBRAICAS -- 3.1 CLASIFICACI&#xD3;N DE EXPRESIONES ALGEBRAICAS -- 3.2 T&#xC9;RMINOS SEMEJANTES Y REDUCCI&#xD3;N DE T&#xC9;RMINOS (...) -- 3.3 SUMA DE POLINOMIOS -- 3.4 RESTA DE POLINOMIOS -- 3.5 MULTIPLICACI&#xD3;N DE EXPRESIONES ALGEBRAICAS -- 3.6 DIVISI&#xD3;N DE POLINOMIOS -- 3.7 EJERCICIOS DE PR&#xC1;CTICA III -- 3.8 MATEM&#xC1;TICAS Y TIC -- 4. FACTORIZACI&#xD3;N DE EXPRESIONES ALGEBRAICAS -- 4.1 FACTOR COM&#xDA;N EN EXPRESIONES ALGEBRAICAS -- 4.2 FACTORIZACI&#xD3;N DE BINOMIOS -- 4.3 FACTORIZACI&#xD3;N DE TRINOMIOS -- 4.4 FACTORIZACI&#xD3;N DE POLINOMIOS -- 4.5 FACTORIZACI&#xD3;N COMPLETA -- 4.6 EJERCICIOS DE PR&#xC1;CTICA IV -- 4.7 MATEM&#xC1;TICAS Y TIC -- 5. FRACCIONES ALGEBRAICAS -- 5.1 SUMA Y RESTA DE FRACCIONES ALGEBRAICAS -- 5.2 MULTIPLICACI&#xD3;N DE FRACCIONES ALGEBRAICAS -- 5.3 DIVISI&#xD3;N DE FRACCIONES -- 5.4 RACIONALIZACI&#xD3;N DE FRACCIONES -- 5.5 EJERCICIOS DE PR&#xC1;CTICA V -- 5.6 MATEM&#xC1;TICAS EN LA WEB -- 6. ECUACIONES LINEALES -- 6.1 PROBLEMAS DE APLICACI&#xD3;N -- 6.2 EJERCICIOS DE PR&#xC1;CTICA VI -- 6.3 MATEM&#xC1;TICAS Y TIC -- 7. SISTEMAS DE ECUACIONES LINEALES -- 7.1 M&#xC9;TODO DE SOLUCI&#xD3;N POR SUMA O RESTA -- 7.2 M&#xC9;TODO DE SUSTITUCI&#xD3;N -- 7.3 M&#xC9;TODO DE IGUALACI&#xD3;N -- 7.4 EJERCICIOS DE PR&#xC1;CTICA VII -- 7.5 MATEM&#xC1;TICAS Y TIC -- 8. ECUACIONES DE SEGUNDO GRADO -- 8.1 M&#xC9;TODO DE FACTORIZACI&#xD3;N -- 8.2 M&#xC9;TODO DE LA F&#xD3;RMULA GENERAL -- 8.3 M&#xC9;TODO DE COMPLETACI&#xD3;N AL CUADRADO -- 8.4 EJERCICIOS DE PR&#xC1;CTICA VIII -- 8.5 MATEM&#xC1;TICAS EN LA WEB -- 9. DESIGUALDADES EN LOS N&#xDA;MEROS REALES -- 9.1 RELACI&#xD3;N DE ORDEN EN LOS REALES -- 9.2 PROPIEDADES DE LAS DESIGUALDADES -- 9.3 INTERVALOS DE N&#xDA;MEROS REALES -- 9.4 EJERCICIOS DE PR&#xC1;CTICA IX -- 9.5 MATEM&#xC1;TICAS EN LA WEB -- 10. REPRESENTACIONES GR&#xC1;FICAS EN EL PLANO CARTESIANO -- 10.1 DISTANCIA ENTRE DOS PUNTOS -- 10.2 GR&#xC1;FICA DE ECUACIONES -- 10.3 L&#xCD;NEAS RECTAS -- 10.4 ECUACI&#xD3;N DE LA RECTA: FORMA PUNTO  PENDIENTE -- 10.5 ECUACI&#xD3;N DE LA RECTA: PENDIENTE  ORDENADA EN EL (...) -- 10.6 ECUACIONES DE LA PAR&#xC1;BOLA -- 10.7 ECUACIONES DE LA CIRCUNFERENCIA -- 10.8 ECUACIONES DE LA ELIPSE -- 10.9 ECUACIONES DE LA HIP&#xC9;RBOLA -- 10.10 EJERCICIOS DE PR&#xC1;CTICA X -- 10.11 MATEM&#xC1;TICAS Y TIC -- REFERENCIAS -- AP&#xC9;NDICE I: DESCARGA E INSTALACI&#xD3;N DE GEOGEBRA -- AP&#xC9;NDICE II: DESCARGA E INSTALACION DE MICROSOFT (...) -- INFORMACI&#xD3;N DEL AUTOR.</subfield>
  </datafield>
  <datafield tag="588" ind1=" " ind2=" ">
    <subfield code="a">Descripci&#xF3;n basada en metadatos suministrados por el editor y otras fuentes.</subfield>
  </datafield>
  <datafield tag="590" ind1=" " ind2=" ">
    <subfield code="a">Recurso electr&#xF3;nico. Santa Fe, Arg.: elibro, 2021. Disponible v&#xED;a World Wide Web. El acceso puede estar limitado para las bibliotecas afiliadas a elibro.</subfield>
  </datafield>
  <datafield tag="650" ind1=" " ind2="4">
    <subfield code="a">&#xC1;lgebra.</subfield>
  </datafield>
  <datafield tag="650" ind1=" " ind2="0">
    <subfield code="a">Mathematics.</subfield>
  </datafield>
  <datafield tag="650" ind1=" " ind2="0">
    <subfield code="a">Mathematics</subfield>
    <subfield code="x">Software.</subfield>
  </datafield>
  <datafield tag="650" ind1=" " ind2="0">
    <subfield code="a">Logic, Symbolic and mathematical.</subfield>
  </datafield>
  <datafield tag="650" ind1=" " ind2="0">
    <subfield code="a">Algebra.</subfield>
  </datafield>
  <datafield tag="650" ind1=" " ind2="4">
    <subfield code="a">Matem&#xE1;tica</subfield>
    <subfield code="x">Software.</subfield>
  </datafield>
  <datafield tag="650" ind1=" " ind2="4">
    <subfield code="a">Matem&#xE1;tica</subfield>
    <subfield code="v">Publicaciones.</subfield>
  </datafield>
  <datafield tag="650" ind1=" " ind2="4">
    <subfield code="a">L&#xF3;gica matem&#xE1;tica.</subfield>
  </datafield>
  <datafield tag="655" ind1=" " ind2="4">
    <subfield code="a">Libros electr&#xF3;nicos.</subfield>
  </datafield>
  <datafield tag="797" ind1="2" ind2=" ">
    <subfield code="a">elibro, Corp.</subfield>
  </datafield>
  <datafield tag="856" ind1="4" ind2="0">
    <subfield code="u">https://elibro.net/ereader/politecnicointernacional/126352</subfield>
  </datafield>
  <datafield tag="999" ind1=" " ind2=" ">
    <subfield code="c">104772</subfield>
    <subfield code="d">104772</subfield>
  </datafield>
</record>
